01833nab a2200265uuc4500001000800000005001700008008004100025035001200066035002100078040001300099041000800112100002900120245006200149520093700211650003601148650002301184650001901207650002801226650002201254650003701276650003201313650003701345650001701382773016801399124450620250917134450.0110609e20070901 spa  a1244506 a(OCoLC)820585831 ccomduadb aspa10aMourre, Alexis4auteaut10aPerspectivas del derecho de arbitraje en América Latina3 aEl presente artículo nos muestra como, para el autor, el Arbitraje en Latinoamérica ha evolucionado, dejando de ser reglado por normas nacionales e intereses de los países más poderosos económicamente. Nos explica como han influenciado las doctrinas Drago y Calvo a lo que hoy consideramos como arbitraje, estableciendo que ningún extranjero se encuentra por encima de las normas nacionales y que ningún Estado puede interferir en las leyes de otro Estado con motivos de defender a alguno de sus nacionales. También nos explica como poco a poco cada país de la región ha adoptado y normado el arbitraje con respecto a las reglas de la UNCITRAL, del CIADI y de los tratados bilaterales de protección de inversiones (llamados APRIs). Finalmente, establece que todo arbitraje debe ser autónomo, deslocalizado e internacional dejando en claro que el arbitraje hoy por hoy es un instrumento de justicia universal. 7aArbitraje internacional2armarc aArbitraje judicial aDoctrina Drago 7aEstado-Nación2armarc 7aInversiones2lemb 7aJusticiazAmérica Latina2lemb 7aDerecho internacional2lemb 7aTribunales de arbitramento2lemb aLey procesal0 tAthina : Revista de Derecho de los Alumnos de la Universidad de Lima (Lima)gVol. 02, No. 03, Sep. 2007, p. 193-204w(CO-MdUADB)1243439x1991-08940590664o0757285